El capitalismo utópico. Historia de la idea de mercado
Bewaard in:
| Hoofdauteur: | |
|---|---|
| Formaat: | Onbekend |
| Taal: | Spaans |
| Gepubliceerd in: |
Buenos Aires, Argentina:
Ediciones Nueva Visión,
2006.
|
| Reeks: | Colección Claves.
|
| Onderwerpen: | |
| Tags: |
Voeg label toe
Geen labels, Wees de eerste die dit record labelt!
|
MARC
| LEADER | 00000 a2200000 4500 | ||
|---|---|---|---|
| 003 | CL-VaPUC | ||
| 005 | 20250313084345.0 | ||
| 008 | 250122t2006 ||||| |||| 00| 0 spa d | ||
| 999 | |c 446638 |d 446636 | ||
| 020 | |a 978-950-602-539-7 | ||
| 040 | |c Pontificia Universidad Católica de Valparaíso | ||
| 082 | |2 22 |a 330.122 ROS 2006 | ||
| 100 | |a Rosanvallon, Pierre |9 895570 |e autor | ||
| 245 | |a El capitalismo utópico. |b Historia de la idea de mercado | ||
| 260 | |a Buenos Aires, Argentina: |b Ediciones Nueva Visión, |c 2006. | ||
| 300 | |a 239 páginas. | ||
| 490 | |a Colección Claves. | ||
| 583 | |k Yessy Díaz Vidal |c 20250122 | ||
| 650 | 0 | |9 328785 |a Economía de mercado |v Historia política |z Europa | |
| 650 | 0 | |9 255255 |a Capitalismo |v Aspectos históricos |y Siglos 17-19 | |
| 942 | |2 ddc |c BK | ||
| 952 | |0 0 |1 0 |2 ddc |4 0 |6 330_122000000000000_ROS_2006 |7 0 |8 A |9 599567 |a BIBHIS |b BIBHIS |d 2025-01-20 |e 3 |g 15183.00 |i 5664532 |o 330.122 ROS 2006 |p 5664532 |r 2025-01-20 |t 1 |v 15183.00 |w 2025-01-20 |y BK |k HIS | ||